000 00595nam a2200229Ia 4500
003 OSt
005 20220918211852.0
006 a|||||r|||| 00| 0
007 ta
008 220917b |||||||| |||| 00| 0 eng d
024 _a125,968
037 _cTextual
040 _aARTS
_cARTS
_beng
041 _2eng
_aeng
082 _aW691z7, J0
100 _aCrossman Richard ed
_9121568
245 0 _aGod that failed
_b six studies in communism
260 _c1950
650 _aPOLITICAL SCIENCE
942 _hW691z7, J0
_cTEXL
_2CC
999 _c249114
_d249114